000 00629cam a2200229 i 4500
001 2205509
005 20180223072057.0
008 750731s1975 cau b 101 0 eng
010 _a 74016721
020 _a0520028570.
_a0520030389
040 _aDLC
_cDLC
_dDLC
041 _aeng
043 _aa-ja---
080 _a658.400
082 0 0 _a658.400 VOG
100 _a54
101 _aLID
245 0 0 _aModern Japanese organization and decision-making /
_cedited by Ezra F. Vogel.
504 _aIncludes bibliographical references and index.
906 _a7
_bcbc
_corignew
_d2
_eocip
_f19
_gy-gencatlg
942 _2ddc
_cBK
999 _c43253
_d43253